| 000 | 00766nam a2200193 a 4500 | ||
|---|---|---|---|
| 008 | 120416s1997 ||||||||||||||||| || u | ||
| 020 | _a8120312228 | ||
| 050 | _aT 57.6 Tah | ||
| 100 | _aTaha, Hamdy A | ||
| 245 | 1 | 0 | _aOperations research: an introduction. (6th ed.) |
| 250 | _a6th ed. | ||
| 260 |
_aNew Delhi: _bPrentice-Hall of India _c1997 |
||
| 350 | _a0.00 | ||
| 650 | 0 | _aOPERATIONS RESEARCH | |
| 650 | _aRESEARCH COLLABORATION | ||
| 650 | _aProgramming (Mathematics) | ||
| 995 |
_D0.00 _FCBU-MAIN LIBRARY (Kitwe) _H3 _I65.00 _M1 _UDAMAGED _ZMain Library Open Access Collection |
||
| 995 |
_D0.00 _FCBU-MAIN LIBRARY (Kitwe) _H2 _I65.00 _M3 _UAVAILABLE _ZShort Loan Collection |
||
| 999 |
_c81594 _d81594 |
||